000 00629nam a2200217Ii 4500
001 16188
003 CO-ViMGA
008 241108s9999||||xx |||||||||||||| ||und||
020 _a9789587049299
040 _aCO-ViMGA
_bspa
_erda
_cCO-ViMGA
041 0 _aspa
084 _aN LAP1d
100 1 _aJens Lapidus
_948499
245 1 0 _aDinero fácil
264 1 _aBogotá, Colombia : Suma de Letras, [Fecha de publicación no identificada]
300 _avolumen
336 _atext
_btxt
_2rdacontent
337 _aunmediated
_bn
_2rdamedia
338 _avolume
_bnc
_2rdacarrier
940 _aidficha_siabuc: 15858. -- ficha_no_siabuc:16188
999 _c43141
_d43141